000 00730nam a2200229Ia 4500
003 OSt
005 20220925233155.0
006 a|||||r|||| 00| 0
007 ta
008 220923b |||||||| |||| 00| 0 eng d
037 _cGeneral Book
040 _aRTL
_cRTL
_beng
041 _2eng
_aeng
082 _aX9(JB):(G:55).7918.N9, N6
100 _aKolk Ans
_9298383
245 0 _aForests in international environmental politics
_b International oragnisation and NGO's
260 _aNetherlands
_bInternational Books
_c1996
300 _a336p. Bibliography P 301-17
_ccm.
650 _aForestry Industry
942 _hX9(JB):(G:55).7918.N9, N6
_cGB
_2CC
999 _c593026
_d593026